000 00239nam a2200097Ia 4500
001 726363
005 20250826163427.0
008 250824s9999 xx 000 0 und d
245 0 _aTUHAF YARATIKLAR
_cMEHMET ATİLLA
260 _bTUDEM YAYINLARI
999 _c726363
_d726363